000 00370nam a2200145Ia 4500
008 240624s9999 xx 000 0 und d
041 _aeng
082 _a320 SAN
100 _aSANDEL MICHAEL J
245 _aLIBERALISM AND THE LIMITS OF JUSTICE
250 _a(2nd ed.)
260 _c1998
_aCambridge
_bCambridge University Press
300 _a252 : p.
365 _c
_b28
999 _c20232
_d20232